| 000 | 01313nam a2200337Ia 4500 | ||
|---|---|---|---|
| 001 | Z_7079 | ||
| 003 | CHAP | ||
| 005 | 20220905174655.0 | ||
| 008 | 220113s2018 xx 000 0 und d | ||
| 010 | _a170352 | ||
| 040 | _cCHAP | ||
| 090 | _aTesis C789 2644 | ||
| 100 |
_aCruz Zorrilla Diana Karen _9135740 |
||
| 245 |
_aComportamiento productivo de dos genotipos de Lotus corniculatus L.(Gran San Gabriel y 255301) en primavera - verano / _cDiana Karen Cruz Zorrilla y Fabián Hernández Hernández |
||
| 260 |
_aMéxico : _bEl autor, _c2018 |
||
| 300 | _a31 p | ||
| 502 | _aTesis (Ingeniero Agrónomo Especialista en Zootecnia) -- UACh, 2018 / Dirección: Sergio Iban Mendoza Pedroza; asesoría: Gabino García de los Santos y Said Cadena Villegas | ||
| 650 |
_aIntercepción luminosa _9146603 |
||
| 650 |
_aLotus corniculatus L. _9146461 |
||
| 650 |
_aRendimiento _9143245 |
||
| 700 |
_a Cadena Villegas, Said, asesor _9146173 |
||
| 700 |
_a García de los Santos, Gabino, asesor _9146709 |
||
| 700 |
_aHernández Hernández, Fabián, coaut. _9146710 |
||
| 700 |
_aMendoza Pedroza, Sergio Iban, director _9145221 |
||
| 856 | 4 | 2 |
_uhttp://10.13.5.2/tesis/sist115461.pdf _yDescargar PDF |
| 901 | _aTESIS C789 2644 | ||
| 902 | _aM | ||
| 910 | _a2018 | ||
| 942 |
_c2 _2ddc |
||
| 942 |
_c2 _2ddc |
||
| 999 |
_c170352 _d170352 |
||